000 00425pab a2200157 454500
008 180718b2005 xxu||||| |||| 00| 0 eng d
100 _aJudge, Paramjit S.
245 _aCaste conflicts in Punjab: an examination of recent Jat-dalit clash in a village
260 _c2005
300 _ap.151-68.
362 _aSep
650 _aCaste - India - Punjab
650 _aCaste
773 _aMan and Development
909 _a67472
999 _c67472
_d67472